000 01877nam a2200457 i 4500
001 ELB43708
003 FlNmELB
006 m o d |
007 cr cnu||||||||
008 150216s2013 sp ob 001 0 spa d
020 _a9788415834687 (e-book)
020 _z9788416133093
035 _a(MiAaPQ)EBC3226936
035 _a(Au-PeEL)EBL3226936
035 _a(CaPaEBR)ebr11002325
035 _a(OCoLC)991962089
040 _aFINmELB
_bspa
_erda
_cFINmELB
050 4 _aPQ6338.A4
_b.M188 2013
080 _a929
082 0 _a863.3
_223
100 1 _aMaganto Pavón, Emilio.
245 1 3 _aLa familia Villafranca y Miguel de Cervantes :
_bnuevos documentos cervantinos localizados en el Archivo General de Indias /
_cEmilio Maganto Pavón.
264 1 _aAlcalá de Henares :
_bUniversidad de Alcalá, Servicio de Publicaciones,
_c2013.
300 _a1 recurso en línea (275 páginas)
336 _atexto
_btxt
_2rdacontent/spa
337 _acomputadora
_bc
_2rdamedia/spa
338 _arecurso en línea
_bcr
_2rdacarrier/spa
490 1 _aUAH Monografías. Humanidades ;
_v48
500 _aIncluye índice.
504 _aContiene bibliografía.
588 _aDescripción basada en recurso en línea; Título de la página del título en PDF (e-libro, visto February 16, 2015).
590 _aRecurso electrónico. Santa Fe, Arg.: e-libro, 2015. Disponible vía World Wide Web. El acceso puede estar limitado para las bibliotecas afiliadas a e-libro.
600 1 0 _aCervantes Saavedra, Miguel de,
_d1547-1616
_xFamily.
600 1 4 _aCervantes Saavedra, Miguel de,
_d1547-1616
_xFamilia.
600 3 0 _aCervantes Saavedra family.
600 3 4 _aFamilia Cervantes Saavedra.
655 4 _aLibros electrónicos.
797 2 _ae-libro, Corp.
830 0 _aUAH monografías. Humanidades ;
_v48.
856 4 0 _uhttps://elibro.net/ereader/usam/43708
999 _c155526
_d155526